Statistiques concernant Provinces de l’ Espagne

Cliquez ici pour prendre le quiz!

Statistiques générales

  • Ce quiz a été pris 352 fois
  • Le résultat moyen est 23 sur 52

Statistiques - réponses

Communauté AutonomeProvince% Correct
CatalogneBarcelone
85%
MadridMadrid
85%
Seville
85%
MurcieMurcie
76%
Valence
76%
Malaga
69%
Grenade
68%
Cordoue
63%
Saragosse
62%
CeutaCeuta
59%
MelillaMelilla
59%
Léon
55%
AsturiesAsturies
54%
Cadix
53%
NavarreNavarre
52%
Tolède
52%
ValenceAlicante
50%
GaliceLa Corogne
50%
Valladolid
50%
AndalousieAlmeria
49%
La RiojaLa Rioja
49%
CantabrieCantabrie
48%
Îles CanariesLas Palmas
48%
Tarragone
48%
Îles BaléaresBaléares
46%
Gérone
44%
Jaen
44%
Burgos
43%
Lérida
40%
Salamanque
39%
EstremadureBadajoz
37%
Huelva
36%
Caceres
34%
AragonHuesca
34%
Castellon
32%
Lugo
32%
Ségovie
31%
Ciudad Real
30%
Castille et LéonAvila
28%
Teruel
28%
Pontevedra
27%
Castille la MancheAlbacete
26%
Soria
26%
Pays BasqueAlava
25%
Guadalajara
24%
Orense
24%
Palence
24%
Zamora
23%
Biscaye
22%
Santa Cruz de Ténérife
22%
Cuenca
21%
Giupuscoa
5%

Distribution des résultats

Percentile par nombre de réponses

% des personnes avec chaque résultat

Votre développement - résultats

Vous n’avez pas pris ce quiz